000
00234nam a2200097Ia 4500
001
778696
005
20250826165930.0
008
250824s9999 xx 000 0 und d
245
0
_a
DEVLET KUŞU
_c
ORHAN KEMAL
260
_b
EVEREST YAYINLARI
999
_c
778696
_d
778696